[Event "40th Olympiad Open"]
[Site "Istanbul TUR"]
[Date "2012.09.03"]
[Round "6.60"]
[Board "2"]
[White "Arosemena, Jorge Luis"]
[Black "Jang, Kyungsik"]
[Result "0-1"]
[WhiteTitle "FM"]
[WhiteElo "2092"]
[BlackElo "1861"]
[WhiteTeam "Panama"]
[BlackTeam "South Korea"]
[WhiteFideId "6600140"]
[BlackFideId "13201166"]
[EventDate "2012.08.28"]

1. e4 c5 2. Nf3 d6 3. d4 cxd4 4. Nxd4 Nf6 5. Nc3 g6 6. f4 Nbd7 7. Be2 Bg7 8. O-O
O-O 9. Be3 a6 10. a4 Qc7 11. a5 e5 12. Nb3 Re8 13. f5 b5 14. axb6 Nxb6 15. fxg6
hxg6 16. Bg5 Nh7 17. Bh4 Bf8 18. Qd3 Be6 19. Na5 Rec8 20. Kh1 Nc4 21. Nxc4 Qxc4
22. Qd1 Qb4 23. Bxa6 Rcb8 24. Qf3 Qxb2 25. Nd5 Qxc2 26. Bd3 Qb3 27. Rxa8 Rxa8
28. Rb1 Qa2 29. Nc7 Rc8 30. Nxe6 Qxb1+ 31. Bf1 Rc1 32. Kg1 Rxf1+ 33. Qxf1 Qxf1+
34. Kxf1 fxe6 35. Ke2 Kf7 36. Kd3 d5 37. h3 Nf6 38. Bxf6 Kxf6 39. h4 Ke7 40. g3
Kd6 41. g4 Kc5 42. g5 d4 0-1

[Event "40th Olympiad Open"]
[Site "Istanbul TUR"]
[Date "2012.09.03"]
[Round "6.60"]
[Board "4"]
[White "Aizpurua, Patrick"]
[Black "Kim, Inguh"]
[Result "0-1"]
[WhiteTitle "CM"]
[WhiteElo "2113"]
[BlackElo "1790"]
[WhiteTeam "Panama"]
[BlackTeam "South Korea"]
[WhiteFideId "6600522"]
[BlackFideId "13201204"]
[EventDate "2012.08.28"]

1. e4 e5 2. Nf3 Nc6 3. d4 exd4 4. Nxd4 Bc5 5. Nxc6 Qf6 6. Qf3 dxc6 7. Nd2 Ne7 8.
Qxf6 gxf6 9. Nb3 Bd6 10. f4 b6 11. c4 c5 12. Bd3 Bb7 13. O-O Ng6 14. Bd2 O-O-O
15. Rae1 Bxf4 16. Bxf4 Nxf4 17. Rxf4 Rxd3 18. Rxf6 Ba6 19. Rxf7 Bxc4 20. Rf3 Rd7
21. Nc1 Rhd8 22. b3 Rd1 23. Re3 Ba6 24. Kf2 R8d2+ 25. Kf3 Rxe1 26. Rxe1 Kd7 27.
h4 c4 28. bxc4 Bxc4 29. g4 c5 30. Kf4 Ke7 31. Kg5 Rg2 32. Kf4 Be6 33. g5 Rg4+
34. Ke5 Rxh4 35. Re3 Rg4 36. Ra3 a5 37. Nb3 Rxg5+ 38. Kf4 Rg4+ 39. Ke5 Rg3 40.
Ra4 Rg5+ 41. Kf4 Rg4+ 42. Ke5 Rg5+ 43. Kf4 Kf6 44. Nxa5 bxa5 45. Rxa5 Rg4+ 46.
Kf3 c4 47. Rc5 Rg5 48. Rc7 Ra5 49. Rxh7 Rxa2 50. Ke3 Ke5 51. Rh5+ Kd6 52. Rg5
Ra3+ 53. Ke2 Bd7 54. Rd5+ Kc6 55. Rg5 Rd3 56. Ra5 Kb6 57. Rg5 Bb5 58. Rh5 Ka5
59. Rd5 Rxd5 60. exd5 Kb6 61. Kd2 Kc5 62. Kc3 Kxd5 63. Kb2 Kd4 64. Kc2 c3 0-1

[Event "40th Olympiad Open"]
[Site "Istanbul TUR"]
[Date "2012.09.03"]
[Round "6.61"]
[Board "1"]
[White "Munoz Santana, Jose Lisandro"]
[Black "Harper, Ryan"]
[Result "1-0"]
[WhiteTitle "IM"]
[BlackTitle "FM"]
[WhiteElo "2428"]
[BlackElo "2222"]
[WhiteTeam "Dominican Republic"]
[BlackTeam "Trinidad & Tobago"]
[WhiteFideId "6400361"]
[BlackFideId "7700156"]
[EventDate "2012.08.28"]

1. e4 e5 2. Nf3 Nc6 3. Bc4 Nf6 4. d3 Be7 5. O-O O-O 6. Re1 d6 7. Bb3 Bg4 8. c3
Qd7 9. h3 Bh5 10. Nbd2 d5 11. Qe2 d4 12. Nf1 Rad8 13. Bc2 Bg6 14. Ba4 Bh5 15.
Bc2 b5 16. Ng3 Bg6 17. a3 Nh5 18. Nxh5 Bxh5 19. Nxe5 Nxe5 20. Qxh5 dxc3 21. bxc3
Nxd3 22. Rd1 Qc6 23. Bxd3 Qxc3 24. Bd2 Qxd3 25. Bb4 g6 26. Rxd3 gxh5 27. Rg3+ 1-0

[Event "40th Olympiad Open"]
[Site "Istanbul TUR"]
[Date "2012.09.03"]
[Round "6.61"]
[Board "2"]
[White "Joseph, Marcus"]
[Black "Pinal, Nelson B"]
[Result "0-1"]
[BlackTitle "IM"]
[WhiteElo "2206"]
[BlackElo "2322"]
[WhiteTeam "Trinidad & Tobago"]
[BlackTeam "Dominican Republic"]
[WhiteFideId "7700393"]
[BlackFideId "3500594"]
[EventDate "2012.08.28"]

1. e4 c5 2. Nf3 Nc6 3. d4 cxd4 4. Nxd4 g6 5. Nc3 Bg7 6. Be3 Nf6 7. Bc4 O-O 8.
Bb3 a5 9. O-O a4 10. Bc4 Nxe4 11. Nd5 e6 12. Nxc6 bxc6 13. Bb6 Qh4 14. g3 Nxg3
15. fxg3 Qxc4 16. Ne7+ Kh8 17. Qd6 c5 18. Rf4 Qxc2 19. Raf1 Bb7 20. R1f2 Qc1+
21. Rf1 Qxb2 22. R4f2 Qd4 23. Bxc5 Qxd6 24. Bxd6 Bd4 25. Rd1 Bxf2+ 26. Kxf2 Kg7
27. g4 f6 28. Ba3 Rfd8 29. Ke3 Kf7 30. g5 f5 31. Rd4 d6 32. Bxd6 Rxd6 33. Rxd6
Bc8 0-1

[Event "40th Olympiad Open"]
[Site "Istanbul TUR"]
[Date "2012.09.03"]
[Round "6.61"]
[Board "3"]
[White "Puntier, William"]
[Black "Merritt, Mario"]
[Result "1-0"]
[WhiteTitle "FM"]
[BlackTitle "FM"]
[WhiteElo "2312"]
[BlackElo "2103"]
[WhiteTeam "Dominican Republic"]
[BlackTeam "Trinidad & Tobago"]
[WhiteFideId "6400299"]
[BlackFideId "7700148"]
[EventDate "2012.08.28"]

1. e4 c5 2. Nc3 g6 3. f4 Bg7 4. Nf3 Nc6 5. Bb5 Nd4 6. O-O Nxb5 7. Nxb5 d5 8. d3
d4 9. Na3 a6 10. Qe1 b5 11. f5 Qc7 12. Qh4 gxf5 13. Bd2 fxe4 14. dxe4 h6 15.
Rae1 e5 16. Qg3 Bf6 17. Nh4 Bxh4 18. Qxh4 Qe7 19. Qg3 f6 20. c3 Be6 21. cxd4
cxd4 22. Nc2 a5 23. Rc1 Rh7 24. Na3 Rg7 25. Qf3 Qb7 26. Rc5 Bd7 27. Rxe5+ Kf8
28. Bxh6 Nxh6 29. Qxf6+ Nf7 30. Rg5 Rh7 31. Qd6+ 1-0

[Event "40th Olympiad Open"]
[Site "Istanbul TUR"]
[Date "2012.09.03"]
[Round "6.61"]
[Board "4"]
[White "Munro, Allan"]
[Black "Flaquer, Luis"]
[Result "1-0"]
[BlackTitle "FM"]
[WhiteElo "2067"]
[BlackElo "2297"]
[WhiteTeam "Trinidad & Tobago"]
[BlackTeam "Dominican Republic"]
[WhiteFideId "7700245"]
[BlackFideId "6400485"]
[EventDate "2012.08.28"]

1. e4 c5 2. Nf3 Nc6 3. d4 cxd4 4. Nxd4 e5 5. Nb5 d6 6. c4 a6 7. N5c3 Be7 8. Nd5
Nf6 9. Nbc3 O-O 10. Be3 Be6 11. Qd2 Bxd5 12. cxd5 Nb8 13. f3 Nbd7 14. Be2 Qb8
15. O-O Bd8 16. Rfc1 Bb6 17. Bxb6 Nxb6 18. Nd1 Nbd7 19. Ne3 Qa7 20. Kh1 Rfd8 21.
Nf5 Nf8 22. Qg5 Ng6 23. h4 Ne8 24. h5 Nf4 25. Rc7 Ng6 26. hxg6 hxg6 27. Ne7+ Kf8
28. Nc6 Qf2 29. Qe7+ Kg8 30. Nxd8 Nxc7 31. Qxf7+ Kh7 32. Qxc7 Qh4+ 33. Kg1 Rxd8
34. Qxb7 Rh8 35. Rc1 Qf4 36. Rc7 Qd2 37. Kf1 Kh6 38. Rxg7 Kg5 39. Qe7+ Kh6 40.
Qf6 1-0

[Event "40th Olympiad Open"]
[Site "Istanbul TUR"]
[Date "2012.09.03"]
[Round "6.62"]
[Board "1"]
[White "Prasad, Calvin"]
[Black "De La Riva Aguado, Oscar"]
[Result "1/2-1/2"]
[WhiteTitle "CM"]
[BlackTitle "GM"]
[WhiteElo "2002"]
[BlackElo "2540"]
[WhiteTeam "Fiji"]
[BlackTeam "Andorra"]
[WhiteFideId "11400072"]
[BlackFideId "6900224"]
[EventDate "2012.08.28"]

1. Nf3 g6 2. g3 Bg7 3. Bg2 e5 4. d3 d5 5. O-O Ne7 6. c4 c6 7. Nbd2 O-O 8. e4
dxe4 9. dxe4 Na6 10. b3 Nc5 11. Ba3 Qa5 12. Bxc5 Qxc5 13. a3 a5 14. Qe2 Be6 15.
Ng5 Bd7 16. Rfd1 h6 17. b4 Qa7 18. Nb3 b6 19. c5 Bc8 20. Nf3 bxc5 21. Nxc5 axb4
22. axb4 Qxa1 23. Rxa1 Rxa1+ 24. Bf1 Bh3 25. Ne1 Bxf1 26. Kxf1 Rfa8 27. Kg2 Nc8
28. Ned3 Nd6 29. Qg4 R1a7 30. h4 h5 31. Qg5 1/2-1/2

[Event "40th Olympiad Open"]
[Site "Istanbul TUR"]
[Date "2012.09.03"]
[Round "6.62"]
[Board "3"]
[White "Goundar, Sanmogam"]
[Black "Garcia, Raul"]
[Result "0-1"]
[WhiteTitle "CM"]
[BlackTitle "FM"]
[WhiteElo "1929"]
[BlackElo "2193"]
[WhiteTeam "Fiji"]
[BlackTeam "Andorra"]
[WhiteFideId "11400110"]
[BlackFideId "6900020"]
[EventDate "2012.08.28"]

1. d4 d5 2. Nf3 e6 3. g3 c5 4. Bg2 Nc6 5. c4 Nf6 6. O-O Be7 7. cxd5 exd5 8. Nc3
O-O 9. Bg5 c4 10. Ne5 Be6 11. e3 h6 12. Bxf6 Bxf6 13. f4 Ne7 14. b3 Rc8 15. bxc4
Bxe5 16. fxe5 Rxc4 17. Nb5 Nc8 18. Na3 Rc6 19. Rf2 Qa5 20. Nc2 Nb6 21. a3 Rd8
22. Nb4 Rc3 23. Qe1 Rdc8 24. Nd3 Nc4 25. Nc5 Rxa3 26. Qxa5 Rxa5 27. Rxa5 Nxa5
28. Nxe6 fxe6 29. Bh3 Rc6 30. Bg4 Nc4 31. Rf3 a5 32. Bh5 Rc7 33. Bg6 a4 34. e4
dxe4 35. Bxe4 Nd2 36. Ra3 Nxe4 37. Rxa4 Nc3 38. Rb4 Nd5 39. Ra4 Rc2 40. Ra8+ Kf7
41. Rd8 Rc7 42. h4 b5 43. Rb8 b4 44. Kf2 h5 45. Rh8 Rb7 0-1

[Event "40th Olympiad Open"]
[Site "Istanbul TUR"]
[Date "2012.09.03"]
[Round "6.63"]
[Board "2"]
[White "Lapidus, Mark"]
[Black "Denny, Kevin"]
[Result "1-0"]
[BlackTitle "IM"]
[WhiteElo "2129"]
[BlackElo "2304"]
[WhiteTeam "Estonia"]
[BlackTeam "Barbados"]
[WhiteFideId "4502299"]
[BlackFideId "11100028"]
[EventDate "2012.08.28"]

1. Nf3 Nf6 2. c4 g6 3. d4 Bg7 4. Nc3 d6 5. Bf4 O-O 6. h3 c5 7. e3 cxd4 8. exd4
Qa5 9. Bd2 Qd8 10. Be2 d5 11. c5 Nc6 12. O-O Ne4 13. Bf4 Bf5 14. Qa4 Nxc3 15.
bxc3 Be4 16. Nd2 Bf5 17. Bb5 Bd7 18. Rfe1 e6 19. Nf3 a6 20. Bxc6 Bxc6 21. Qb3
Qa5 22. Be5 Rfc8 23. Qb2 Bh6 24. Nh2 Qd8 25. Ng4 Bg5 26. f4 Be7 27. Qe2 Bb5 28.
Qe3 Be8 29. Rab1 h5 30. Nh2 Bb5 31. g4 Qa5 32. f5 Kh7 33. f6 Bf8 34. gxh5 gxh5
35. Qg5 Bh6 36. Qxh5 Rg8+ 37. Ng4 Rxg4+ 38. hxg4 Rg8 39. Qxf7+ Kh8 40. Qh5 Kh7
41. f7 1-0

[Event "40th Olympiad Open"]
[Site "Istanbul TUR"]
[Date "2012.09.03"]
[Round "6.63"]
[Board "3"]
[White "Warner, Delisle"]
[Black "Kukk, Sander"]
[Result "0-1"]
[WhiteTitle "FM"]
[WhiteElo "2204"]
[BlackElo "2173"]
[WhiteTeam "Barbados"]
[BlackTeam "Estonia"]
[WhiteFideId "11100109"]
[BlackFideId "4502094"]
[EventDate "2012.08.28"]

1. d4 g6 2. c4 Bg7 3. Nc3 Nf6 4. e4 d6 5. Be2 O-O 6. g4 e5 7. d5 a5 8. h4 Na6 9.
g5 Nd7 10. h5 Ndc5 11. Be3 Bd7 12. Qd2 Qe7 13. O-O-O b6 14. f3 Nb4 15. Kb1 Rfd8
16. Nh3 c6 17. Rh2 cxd5 18. cxd5 Ba4 19. Rc1 Qe8 20. Nf2 Bd7 21. Rch1 Rdc8 22.
Qe1 Ba4 23. Bd1 Bb5 24. a3 Nbd3 25. Nxd3 Bxd3+ 26. Ka1 b5 27. Qh4 Kf8 28. Qf2
Qd7 29. hxg6 hxg6 30. Rh7 b4 31. Bxc5 bxc3 32. Be3 cxb2+ 33. Qxb2 Rab8 34. Bb6
Qb7 35. Ba4 Rc4 36. Rxg7 Kxg7 37. Qh2 Rc1+ 38. Rxc1 Qxb6 39. Qd2 Qd4+ 40. Rc3
Qg1+ 41. Bd1 Rb1+ 42. Ka2 Rxd1 43. Qb2 Bb1+ 0-1

[Event "40th Olympiad Open"]
[Site "Istanbul TUR"]
[Date "2012.09.03"]
[Round "6.63"]
[Board "4"]
[White "Ezov, Roman"]
[Black "Howell, Shamel"]
[Result "1/2-1/2"]
[BlackTitle "CM"]
[WhiteElo "2185"]
[BlackElo "2111"]
[WhiteTeam "Estonia"]
[BlackTeam "Barbados"]
[WhiteFideId "4502078"]
[BlackFideId "11100559"]
[EventDate "2012.08.28"]

1. e4 c5 2. Nf3 d6 3. d4 cxd4 4. Nxd4 Nf6 5. Nc3 a6 6. f4 e5 7. Nf3 Qc7 8. Bd3
Be7 9. O-O O-O 10. Qe2 Nbd7 11. Kh1 b5 12. Bd2 Bb7 13. Rae1 Nc5 14. b4 Nxd3 15.
cxd3 Rac8 16. Rc1 Qb8 17. Nh4 Rfe8 18. Nf5 Bd8 19. Qf2 Kh8 20. fxe5 dxe5 21. Bg5
Re6 22. Qh4 Ng8 23. Bxd8 Rxd8 24. Rf3 Rd7 25. Rh3 h6 26. Rg3 Rg6 27. Ne2 Rc7 28.
Rf1 Qf8 29. a3 Rxg3 30. Qxg3 Rc2 31. Ng1 Rc3 32. Qxe5 Rxd3 33. Nf3 f6 34. N5h4
Qf7 35. Qc5 Qe8 36. e5 Bxf3 37. Nxf3 Rxa3 38. Re1 fxe5 39. Nxe5 Nf6 40. Nf3 Qg6
41. Ne5 Qe4 42. Qc1 Qxb4 43. Qc8+ Kh7 44. Qf5+ Kg8 1/2-1/2

[Event "40th Olympiad Open"]
[Site "Istanbul TUR"]
[Date "2012.09.03"]
[Round "6.64"]
[Board "1"]
[White "Sanches, Romario"]
[Black "Blijstra, Wim"]
[Result "1/2-1/2"]
[WhiteElo "2030"]
[BlackElo "2206"]
[WhiteTeam "Suriname"]
[BlackTeam "Netherlands Antilles"]
[WhiteFideId "8200211"]
[BlackFideId "1018000"]
[EventDate "2012.08.28"]

1. e4 c5 2. Nc3 Nc6 3. g3 g6 4. Bg2 Bg7 5. d3 e6 6. Be3 b6 7. Qd2 Bb7 8. Nge2
Nge7 9. Bh6 O-O 10. Bxg7 Kxg7 11. O-O d5 12. exd5 exd5 13. d4 Ba6 14. Rfe1 Bxe2
15. Nxe2 Qd6 16. Rad1 Rad8 17. c3 Qf6 18. Qc2 Rd7 19. Qa4 Rfd8 20. Qb5 Qd6 21.
Qd3 c4 22. Qd2 Ng8 23. Nf4 Nf6 24. h4 h6 25. Re2 b5 26. a3 a5 27. Rde1 Re7 28.
Rxe7 Nxe7 29. Re5 Qc7 30. Qe1 Kf8 31. Re6 Nh5 32. Nxh5 fxe6 33. Nf4 Qd6 34.
Nxe6+ Ke8 35. Nxd8 Kxd8 36. Qe3 h5 37. Qe1 Qf6 38. Bh3 Qd6 39. Qe6 Kc7 40. Kf1
b4 41. axb4 axb4 42. Qxd6+ Kxd6 43. Ke2 Nc6 44. f3 Ke7 45. g4 Kd6 46. g5 Ne7 47.
Ke3 b3 48. Kf4 Nc6 49. Bc8 Ne7 50. Bh3 Nc6 51. Bc8 Nd8 52. Bh3 Nc6 53. Ke3 Ne7
54. f4 Nf5+ 55. Bxf5 gxf5 1/2-1/2

[Event "40th Olympiad Open"]
[Site "Istanbul TUR"]
[Date "2012.09.03"]
[Round "6.64"]
[Board "2"]
[White "Mensing, Fabio"]
[Black "Gajadin, Dewperkash"]
[Result "1-0"]
[BlackTitle "FM"]
[WhiteElo "2088"]
[BlackElo "2185"]
[WhiteTeam "Netherlands Antilles"]
[BlackTeam "Suriname"]
[WhiteFideId "7500149"]
[BlackFideId "8200041"]
[EventDate "2012.08.28"]

1. d4 Nf6 2. c4 e6 3. Nf3 b6 4. g3 Ba6 5. Nbd2 Bb7 6. Bg2 Be7 7. Qc2 d5 8. O-O
O-O 9. cxd5 exd5 10. Ne5 c5 11. dxc5 bxc5 12. Rd1 Qc7 13. Ndf3 Bd6 14. Nd3 Nbd7
15. Bf4 Rfe8 16. Bxd6 Qxd6 17. Nf4 Qe7 18. Rac1 Rac8 19. Bh3 Rc7 20. Nd4 g6 21.
Nb5 Rc6 22. Nxa7 Ra6 23. Nb5 g5 24. Nd3 c4 25. Ne1 Ne5 26. a3 Rb6 27. Nd4 Bc8
28. Bg2 Rd8 29. Nef3 g4 30. Nh4 Ng6 31. Nhf5 Qe5 32. Ne3 Re8 33. a4 Ne7 34. a5
Ra6 35. Ra1 Bd7 36. Ra3 Rb8 37. b3 cxb3 38. Nxb3 Rba8 39. Nc5 Rxa5 40. Rxa5 Rxa5
41. Nxd7 Nxd7 42. Nxg4 Qe6 43. Qd2 Ra6 44. Ne3 Nf6 45. Bf3 Rd6 46. Qb2 Kg7 47.
Ng2 Rb6 48. Qd4 Nf5 49. Qd3 d4 50. Nf4 Qd7 51. e4 dxe3 52. Qxd7 exf2+ 53. Kxf2
Nxd7 54. Rxd7 Rb2+ 55. Be2 Kf6 56. Kf3 Rb3+ 57. Rd3 Rb2 58. Rd8 Rb3+ 59. Bd3 h6
60. Rd5 Ne7 61. Rd6+ Kg7 62. Kg4 Ng8 63. Nh5+ 1-0

[Event "40th Olympiad Open"]
[Site "Istanbul TUR"]
[Date "2012.09.03"]
[Round "6.64"]
[Board "4"]
[White "Maduro, Sherman"]
[Black "Matoewi, Roger"]
[Result "0-1"]
[BlackTitle "CM"]
[WhiteElo "2030"]
[BlackElo "2089"]
[WhiteTeam "Netherlands Antilles"]
[BlackTeam "Suriname"]
[WhiteFideId "7500122"]
[BlackFideId "8200084"]
[EventDate "2012.08.28"]

1. e4 c5 2. Nf3 d6 3. d4 cxd4 4. Nxd4 Nf6 5. Nc3 g6 6. Be3 Bg7 7. f3 Nc6 8. Qd2
O-O 9. Bc4 Bd7 10. O-O-O Rc8 11. Bb3 Na5 12. Bh6 Nxb3+ 13. Nxb3 a5 14. h4 a4 15.
Nd4 a3 16. Bxg7 Kxg7 17. b3 Rc5 18. Nb1 Qb6 19. h5 Rxh5 20. Rxh5 Nxh5 21. g4 Nf6
22. Rh1 Qc5 23. c3 Rc8 24. Nc2 b5 25. Ne1 b4 26. c4 Rb8 27. Nc2 Qe5 28. Nd4 Kg8
29. Re1 Qc5 30. Qd3 Rc8 31. Nd2 Qa5 32. Kb1 Rc5 33. Rh1 h5 34. Qe3 Rg5 35. Nf5
Qe5 36. Kc1 Rxf5 37. gxf5 Qb2+ 38. Kd1 Qa1+ 39. Ke2 Qxh1 40. fxg6 Qg2+ 41. Kd3
fxg6 42. Qb6 h4 43. c5 dxc5 44. e5 Bf5+ 0-1

[Event "40th Olympiad Open"]
[Site "Istanbul TUR"]
[Date "2012.09.03"]
[Round "6.65"]
[Board "3"]
[White "Abrantes, Persson"]
[Black "Mannhart, Marcel"]
[Result "1/2-1/2"]
[WhiteElo "1967"]
[BlackElo "2066"]
[WhiteTeam "Mozambique"]
[BlackTeam "Liechtenstein"]
[WhiteFideId "14800063"]
[BlackFideId "12000108"]
[EventDate "2012.08.28"]

1. d4 d6 2. c4 e5 3. dxe5 dxe5 4. Qxd8+ Kxd8 5. Nf3 f6 6. e4 Bb4+ 7. Bd2 Bxd2+
8. Nbxd2 Be6 9. Nb3 Nd7 10. O-O-O Kc8 11. Be2 Ne7 12. Nfd2 a5 13. a4 Nc6 14. Kb1
Rd8 15. c5 Nf8 16. Nc4 Rd7 17. Rxd7 Kxd7 18. Rd1+ Ke7 19. Kc2 Bf7 20. Rd2 Ne6
21. Ne3 Ned4+ 22. Nxd4 Nxd4+ 23. Kc3 Rd8 24. Bc4 Bxc4 25. Kxc4 c6 26. Nf5+ Nxf5
27. Rxd8 Kxd8 28. exf5 Kc7 29. h4 Kb8 30. g4 h6 31. g5 h5 32. b4 1/2-1/2

[Event "40th Olympiad Open"]
[Site "Istanbul TUR"]
[Date "2012.09.03"]
[Round "6.65"]
[Board "4"]
[White "Muendle, Kurt"]
[Black "Cossa, Pedro Ventura"]
[Result "1/2-1/2"]
[WhiteElo "1893"]
[BlackElo "1995"]
[WhiteTeam "Liechtenstein"]
[BlackTeam "Mozambique"]
[WhiteFideId "12000159"]
[BlackFideId "14800071"]
[EventDate "2012.08.28"]

1. d4 d5 2. c4 e6 3. Nf3 Nf6 4. Nc3 Be7 5. Bg5 O-O 6. e3 Nc6 7. Rc1 Re8 8. Bd3
h6 9. Bh4 Nb4 10. Be2 Ne4 11. Bxe7 Qxe7 12. Qb3 dxc4 13. Bxc4 Nxc3 14. Qxc3 Nc6
15. a3 Bd7 16. O-O Rac8 17. Rfd1 Red8 18. Rd2 Qf6 19. Rcd1 Be8 20. b4 Ne7 21.
Qc2 a6 22. e4 Ng6 23. d5 e5 24. Qc3 Bd7 25. Ne1 Nf4 26. Nd3 Nxd3 27. Qxd3 Qd6
28. Qb3 g5 29. Qf3 Kg7 30. h3 Rf8 31. g4 1/2-1/2

[Event "40th Olympiad Open"]
[Site "Istanbul TUR"]
[Date "2012.09.03"]
[Round "6.66"]
[Board "1"]
[White "Punongbayan, Hexilon Dela Cruz"]
[Black "Hamal, Manish"]
[Result "1-0"]
[BlackTitle "FM"]
[WhiteElo "2091"]
[BlackElo "2118"]
[WhiteTeam "Macau"]
[BlackTeam "Nepal"]
[WhiteFideId "15400409"]
[BlackFideId "12300110"]
[EventDate "2012.08.28"]

1. f4 e6 2. Nf3 d5 3. b3 Nf6 4. e3 c5 5. Bb5+ Nbd7 6. O-O a6 7. Bxd7+ Bxd7 8.
Bb2 Be7 9. Ne5 Rc8 10. d3 Bc6 11. Nd2 d4 12. e4 O-O 13. Rf3 Nd7 14. Nxd7 Bxd7
15. Rh3 f5 16. Qh5 h6 17. Rf1 Qe8 18. Qe2 e5 19. exf5 Rxf5 20. Rhf3 exf4 21.
Rxf4 Rxf4 22. Rxf4 Bg5 23. Re4 Qg6 24. Nf1 Bc6 25. Qg4 Re8 26. Rxe8+ Qxe8 27. h4
Bd7 28. Qg3 Bf6 29. Bc1 Kh8 30. Qd6 Bc6 31. Qg3 Qh5 32. Bf4 Bxh4 33. Qh3 Qg6 34.
Ng3 Be7 35. Nf5 Bf8 36. Nh4 Qe8 37. Qg3 Kh7 38. Be5 Qh5 39. Qf4 Kg8 40. Qg3 Qd1+
41. Kh2 g5 42. Nf5 Qh5+ 43. Kg1 Bd7 44. Nd6 Qd1+ 45. Kh2 Qxc2 46. Qf3 Bxd6 47.
Qd5+ Kf8 48. Qxd6+ Ke8 49. Qg6+ Kd8 50. Qf6+ Ke8 51. Bd6 Qe2 52. Qf8# 1-0

[Event "40th Olympiad Open"]
[Site "Istanbul TUR"]
[Date "2012.09.03"]
[Round "6.66"]
[Board "3"]
[White "Li, Hui"]
[Black "Shrestha, Keshav"]
[Result "0-1"]
[BlackTitle "CM"]
[WhiteElo "1958"]
[BlackElo "2127"]
[WhiteTeam "Macau"]
[BlackTeam "Nepal"]
[WhiteFideId "15400310"]
[BlackFideId "12300055"]
[EventDate "2012.08.28"]

1. e4 e5 2. Nf3 Nc6 3. Bb5 a6 4. Ba4 Nf6 5. O-O Be7 6. Re1 b5 7. Bb3 d6 8. c3
O-O 9. h3 Nb8 10. d4 Nbd7 11. Nbd2 Bb7 12. Bc2 Re8 13. Nf1 Bf8 14. Ng3 g6 15. a4
c5 16. d5 c4 17. Bg5 h6 18. Be3 Nc5 19. Qe2 Nfd7 20. Ra3 Qc7 21. Rea1 Bg7 22. h4
h5 23. Nf1 Nf6 24. Bg5 Ng4 25. N3h2 Nxh2 26. Kxh2 Qd7 27. Nd2 Rab8 28. axb5 axb5
29. f3 Ra8 30. Qd1 Rxa3 31. Rxa3 Kh7 32. Qa1 Bh6 33. Bxh6 Kxh6 34. Ra5 Rg8 35.
b4 cxb3 36. Nxb3 Nxb3 37. Bxb3 Kh7 38. Qf1 Qd8 39. Qxb5 Qxh4+ 40. Kg1 Qe1+ 41.
Kh2 Bc8 42. Qc6 h4 43. Qc4 Qg3+ 44. Kg1 h3 45. Qe2 Kg7 46. Ra2 hxg2 47. Qxg2
Qe1+ 48. Qf1 Qxc3 49. Bd1 Qd4+ 50. Rf2 Bd7 51. Qe2 Ra8 52. Kg2 Rh8 53. Qd2 Qa1
54. f4 Ba4 55. Rf1 Bxd1 56. Rxd1 Qa3 57. Qd3 Qxd3 58. Rxd3 exf4 59. Ra3 g5 60.
Ra6 Rd8 61. Kf3 Kf6 62. Rb6 Rd7 63. Kg4 Ke5 64. Kxg5 Kxe4 65. Rb4+ Ke5 66. Rxf4
f6+ 67. Kg4 Rg7+ 68. Kf3 f5 69. Ra4 Rc7 70. Ke3 Rc3+ 71. Kd2 Rc5 72. Ra8 Ke4 73.
Re8+ Kf3 74. Re3+ Kf4 75. Rd3 Ra5 76. Ke2 Ra2+ 77. Ke1 Ke4 78. Rb3 f4 79. Rb4+
Ke3 80. Rb3+ Ke4 81. Rb4+ Ke5 82. Kf1 Rd2 83. Ke1 Rd3 84. Ke2 Re3+ 85. Kf2 Re4
86. Rb8 Kxd5 87. Kf3 Re7 88. Kxf4 Kd4 89. Rb4+ Kc3 90. Rb5 Kc4 91. Rb1 d5 92.
Rc1+ Kd4 93. Rd1+ Kc5 94. Rc1+ Kd6 95. Rd1 Re4+ 96. Kf3 Ke5 97. Ra1 Kd6 98. Rd1
Re8 99. Kf2 Kc5 100. Rc1+ Kb4 101. Rd1 Kc4 102. Rc1+ Kb3 103. Rd1 Re5 104. Rd4
Kc3 105. Ra4 d4 106. Ra8 d3 107. Rc8+ Kd2 108. Rd8 Rf5+ 109. Kg2 Ke2 110. Re8+
Kd1 111. Rd8 d2 112. Kg1 Rc5 0-1

[Event "40th Olympiad Open"]
[Site "Istanbul TUR"]
[Date "2012.09.03"]
[Round "6.67"]
[Board "2"]
[White "Anquandah, Francis Eric"]
[Black "Espirito Santo, Silverio"]
[Result "1-0"]
[WhiteElo "1992"]
[BlackElo "1831"]
[WhiteTeam "Ghana"]
[BlackTeam "Sao Tome And Principe"]
[WhiteFideId "12600148"]
[BlackFideId "14306336"]
[EventDate "2012.08.28"]

1. e4 e6 2. d4 d5 3. Nd2 Nf6 4. e5 Nfd7 5. c3 c5 6. Bd3 Nc6 7. Ngf3 cxd4 8. cxd4
g6 9. O-O Bg7 10. Nb3 O-O 11. Ng5 b6 12. Qg4 Ndb8 13. Qh3 h6 14. Nf3 Ba6 15.
Bxa6 Nxa6 16. Bxh6 Qe7 17. Ng5 f6 18. Bxg7 Qxg7 19. Qxe6+ Kh8 20. Qh3+ Kg8 21.
Ne6 Qd7 22. Nxf8 Qxh3 23. gxh3 Rxf8 24. Rac1 Ne7 25. f4 Nf5 26. Rc6 Nb4 27. Rc7
Nxa2 28. Ra1 Nb4 29. Raxa7 Nd3 30. Rc6 Nxf4 31. exf6 Nxh3+ 32. Kf1 Kh8 33. Rxb6
Nf4 34. Rbb7 Nh5 35. f7 Nf4 36. Nc5 Kg7 37. Nd7 Rxf7 38. Ne5 Rxb7 39. Rxb7+ Kf6
40. Nf3 Ne6 41. Rb6 Ne3+ 42. Kf2 Nc4 43. Rb5 Nf4 44. b3 Nd6 45. Rb6 Ke6 46. Ne5
Ke7 47. Kf3 g5 48. Kg4 Ne2 49. Kxg5 Nxd4 50. Nc6+ Nxc6 51. Rxc6 Kd7 52. Rxd6+
Kxd6 53. h4 Kc5 54. Kf5 Kd4 55. h5 Ke3 56. h6 d4 57. h7 1-0

[Event "40th Olympiad Open"]
[Site "Istanbul TUR"]
[Date "2012.09.03"]
[Round "6.67"]
[Board "3"]
[White "Lima, Osvaldo Dos Santos"]
[Black "Bonsu, Kwadwo Owusu Bempa"]
[Result "1-0"]
[WhiteElo "1719"]
[BlackElo "1952"]
[WhiteTeam "Sao Tome And Principe"]
[BlackTeam "Ghana"]
[WhiteFideId "14306352"]
[BlackFideId "12600172"]
[EventDate "2012.08.28"]

1. c4 Nf6 2. Nc3 c5 3. g3 Nc6 4. Bg2 b6 5. e3 e5 6. Nge2 Be7 7. O-O O-O 8. d4
exd4 9. exd4 cxd4 10. Nxd4 Bb7 11. Be3 Na5 12. Nd5 Nxd5 13. cxd5 d6 14. Qd3 Bc8
15. b4 Nb7 16. Nc6 Qd7 17. Bd4 Bg5 18. f4 Bh6 19. f5 Nd8 20. Rad1 Re8 21. h4 f6
22. g4 Nf7 23. a4 Bb7 24. b5 Qc7 25. Rde1 Rxe1 26. Rxe1 Bxc6 27. dxc6 Bf4 28.
Bd5 Be5 29. Bxe5 fxe5 30. Qc4 Rc8 31. g5 Kf8 32. g6 hxg6 33. fxg6 Nh6 34. Be6
Rd8 35. Rf1+ Ke7 36. Qd5 Rf8 37. Bd7 Rxf1+ 38. Kxf1 Kf8 39. Qe6 Qd8 40. c7 1-0